[Event "Guernsey Open"]
[Site "Guernsey GCI"]
[Date "2006.10.21"]
[Round "7"]
[White "Reijneveld, Ad"]
[Black "Wiecker, Stefan"]
[Result "1/2-1/2"]
[WhiteElo "2176"]
[BlackElo "2048"]
[PlyCount "114"]
[EventDate "2006.10.15"]

1. Nc3 c5 2. Nf3 Nc6 3. d4 cxd4 4. Nxd4 Nf6 5. g3 g6 6. Bg2 Bg7 7. O-O Nxd4 8.
Qxd4 O-O 9. a4 d6 10. a5 Ng4 11. Qb4 Rb8 12. h3 Ne5 13. Be3 b6 14. axb6 axb6
15. f4 Nd7 16. Ra7 Nc5 17. Nd5 Bb7 18. Qa3 e6 19. Nb4 Bxg2 20. Kxg2 Ra8 21. c3
Rxa7 22. Qxa7 Qa8+ 23. Qxa8 Rxa8 24. Rd1 d5 25. Nd3 Ra2 26. Nxc5 bxc5 27. Rd2
c4 28. Kf2 Kf8 29. Bc5+ Ke8 30. Ke3 Kd7 31. Rc2 Kc6 32. Ba3 Bf6 33. Rc1 Bd8 34.
Kd2 Kb5 35. Kc2 Ka4 36. g4 f5 37. gxf5 gxf5 38. Kb1 Kb3 39. Rg1 Rxa3 40. bxa3
Kxc3 41. Kc1 Bc7 42. Rg3+ Kd4 43. Rf3 Ke4 44. a4 d4 45. Rf1 h5 46. Kc2 Ke3 47.
Kd1 h4 48. Rf3+ Ke4 49. Rf1 Ke3 50. Rf3+ Ke4 51. Rf1 Kd5 52. Kc2 Kc5 53. Rb1
Bxf4 54. Rb5+ Kc6 55. Rb4 Kc5 56. Rb5+ Kc6 57. Rb4 Kc5 1/2-1/2

[Event "Guernsey Open"]
[Site "Guernsey GCI"]
[Date "2006.10.21"]
[Round "7"]
[White "Westerkamp, Bert"]
[Black "Van Ingen, Ton"]
[Result "1/2-1/2"]
[WhiteElo "2081"]
[BlackElo "1855"]
[PlyCount "42"]
[EventDate "2006.10.15"]

1. Nf3 e6 2. c4 b6 3. d4 Bb7 4. Nc3 Nf6 5. g3 c5 6. dxc5 Bxc5 7. Bg2 O-O 8. O-O
a6 9. Bf4 Qc8 10. Bd6 Bxd6 11. Qxd6 Qxc4 12. Qxb6 Qc6 13. Qb3 d5 14. Rac1 Nbd7
15. Rfd1 Qb6 16. Qxb6 Nxb6 17. Ne5 Rfc8 18. e3 Nc4 19. Nxc4 Rxc4 20. Ne2 Rac8
21. Rxc4 Rxc4 1/2-1/2

[Event "Guernsey Open"]
[Site "Guernsey GCI"]
[Date "2006.10.21"]
[Round "7"]
[White "Pinheiro, Jose"]
[Black "Wantoch, Markus"]
[Result "1-0"]
[WhiteElo "2336"]
[BlackElo "2063"]
[PlyCount "101"]
[EventDate "2006.10.15"]

1. g3 Nf6 2. Bg2 g6 3. Nf3 Bg7 4. O-O O-O 5. c4 d6 6. Nc3 e5 7. d3 Nc6 8. Bg5
Ne7 9. Qd2 Re8 10. b4 Nf5 11. Rab1 h6 12. Bxf6 Qxf6 13. Ne1 h5 14. b5 Bh6 15.
Qb2 h4 16. Nc2 Kg7 17. Ne4 Qe7 18. Nb4 hxg3 19. hxg3 Be6 20. Rfe1 Rh8 21. e3
Rab8 22. Rbc1 c5 23. bxc6 bxc6 24. Qc3 Rbc8 25. c5 d5 26. Nd6 d4 27. Nxc8 Bxc8
28. exd4 Bxc1 29. Qxc1 Nxd4 30. Nxc6 Nxc6 31. Bxc6 Qf6 32. Bg2 Bh3 33. Bh1 Bg4
34. Qe3 Rh5 35. Be4 Qe7 36. Bg2 Qc7 37. c6 f6 38. Rc1 f5 39. Re1 f4 40. gxf4
exf4 41. Qe7+ Qxe7 42. Rxe7+ Kf6 43. Re4 g5 44. f3 Bf5 45. Re8 Rh7 46. d4 Rc7
47. d5 Kf7 48. Re1 Re7 49. Rc1 Re8 50. d6 Rd8 51. Rc5 1-0

[Event "Guernsey Open"]
[Site "Guernsey GCI"]
[Date "2006.10.21"]
[Round "7"]
[White "Goris, Ton"]
[Black "Havenaar, Jan"]
[Result "0-1"]
[WhiteElo "2077"]
[BlackElo "2202"]
[PlyCount "76"]
[EventDate "2006.10.15"]

1. e4 c5 2. c3 g6 3. d4 cxd4 4. cxd4 d5 5. e5 Nc6 6. Nc3 Nh6 7. h3 Nf5 8. Nf3
e6 9. a3 Bg7 10. b4 Bd7 11. Nb5 a6 12. g4 axb5 13. gxf5 gxf5 14. Rg1 Kf8 15.
Bxb5 Nxe5 16. Nxe5 Bxb5 17. Qh5 Bxe5 18. Bh6+ Ke8 19. dxe5 Qc7 20. f4 Qc3+ 21.
Kf2 Qd2+ 22. Kg3 Be2 23. Qg5 Kd7 24. Kh4 Qe3 25. Rg3 Qf2 26. Qf6 Rae8 27. Rag1
Kc7 28. R1g2 Qe1 29. Rg1 Bf1 30. Qxf7+ Kb8 31. Qh5 Reg8 32. Qf3 Rxg3 33. Qxg3
Qxg3+ 34. Kxg3 Bb5 35. Rc1 d4 36. Kf2 Rd8 37. Bg5 Rd7 38. Rc5 d3 0-1

[Event "Guernsey Open"]
[Site "Guernsey GCI"]
[Date "2006.10.21"]
[Round "7"]
[White "Hamperl, Fred"]
[Black "Cornelisse, Johnny JA"]
[Result "0-1"]
[WhiteElo "2027"]
[BlackElo "2196"]
[PlyCount "76"]
[EventDate "2006.10.15"]

1. e4 e5 2. Nf3 Nc6 3. d4 exd4 4. Nxd4 Bb4+ 5. c3 Bc5 6. Bc4 d6 7. O-O Nf6 8.
Bg5 Ne5 9. Bb3 h6 10. Bxf6 Qxf6 11. f4 Ng4 12. Rf3 Qe7 13. Nd2 Bd7 14. Qf1
O-O-O 15. h3 Nf6 16. Kh1 Nxe4 17. Re1 Nxd2 18. Rxe7 Nxf1 19. Rxf1 Rhf8 20. Bxf7
d5 21. Rxd7 Kxd7 22. Bxd5 Bxd4 23. cxd4 c6 24. Bb3 Kc7 25. f5 Rxd4 26. Rf2 c5
27. Be6 h5 28. Kh2 g6 29. b4 cxb4 30. fxg6 Rxf2 31. g7 Rd8 32. g8=Q Rxg8 33.
Bxg8 h4 34. Kg1 Rd2 35. Kf1 Kd6 36. g4 hxg3 37. h4 Rh2 38. h5 Ke7 0-1

[Event "Guernsey Open"]
[Site "Guernsey GCI"]
[Date "2006.10.21"]
[Round "7"]
[White "O'Toole, George E"]
[Black "Taylor, Mark"]
[Result "1/2-1/2"]
[WhiteElo "1935"]
[BlackElo "2152"]
[PlyCount "48"]
[EventDate "2006.10.15"]

1. e4 e6 2. d4 d5 3. e5 c5 4. c3 Nc6 5. Nf3 Bd7 6. Be2 f6 7. exf6 Nxf6 8. O-O
Bd6 9. c4 O-O 10. Nc3 Nxd4 11. Nxd4 cxd4 12. Qxd4 e5 13. Qd3 d4 14. Bf3 dxc3
15. Qxd6 e4 16. Be2 Qa5 17. bxc3 Rad8 18. Qb4 Qe5 19. Be3 Ng4 20. Bxg4 Bxg4 21.
Qb5 Qxc3 22. Qxb7 Qxc4 23. Qb3 Qxb3 24. axb3 a6 1/2-1/2

[Event "Guernsey Open"]
[Site "Guernsey GCI"]
[Date "2006.10.21"]
[Round "7"]
[White "Heppell, Ian N"]
[Black "Spanton, Timothy R"]
[Result "1/2-1/2"]
[WhiteElo "2138"]
[BlackElo "2051"]
[PlyCount "33"]
[EventDate "2006.10.15"]

1. e4 c5 2. Nf3 g6 3. c3 Bg7 4. d4 cxd4 5. cxd4 d5 6. exd5 Nf6 7. Bb5+ Nbd7 8.
d6 O-O 9. O-O exd6 10. Nc3 a6 11. Be2 Nb6 12. Bf4 Nbd5 13. Bg3 Nxc3 14. bxc3
Ne4 15. Qc2 Nxg3 16. hxg3 Bf5 17. Bd3 1/2-1/2

[Event "Guernsey Open"]
[Site "Guernsey GCI"]
[Date "2006.10.21"]
[Round "7"]
[White "Dodgson, John A"]
[Black "Donoghue, John"]
[Result "1/2-1/2"]
[WhiteElo "2172"]
[BlackElo "1803"]
[PlyCount "53"]
[EventDate "2006.10.15"]

1. e4 c5 2. Nf3 e6 3. d3 Nc6 4. g3 g6 5. Bg2 Bg7 6. O-O Nge7 7. Nbd2 O-O 8. Re1
d6 9. c3 b6 10. a3 Ba6 11. Nf1 Rc8 12. Ne3 d5 13. exd5 exd5 14. Ng4 Nf5 15. Bf4
f6 16. h4 Qd7 17. Bh3 Qf7 18. Nh6+ Bxh6 19. Bxh6 Rfe8 20. Bxf5 Rxe1+ 21. Qxe1
gxf5 22. Qd2 Ne5 23. Nxe5 fxe5 24. Re1 e4 25. dxe4 dxe4 26. Rd1 Bd3 27. Qf4
1/2-1/2

[Event "Guernsey Open"]
[Site "Guernsey GCI"]
[Date "2006.10.21"]
[Round "7"]
[White "Burton, Ronnie"]
[Black "Vickery, Jim"]
[Result "1/2-1/2"]
[WhiteElo "2056"]
[BlackElo "2155"]
[PlyCount "23"]
[EventDate "2006.10.15"]

1. Nf3 Nf6 2. b3 g6 3. Bb2 Bg7 4. e3 O-O 5. d4 d6 6. Nbd2 Nbd7 7. Be2 e5 8.
dxe5 Ng4 9. O-O Ngxe5 10. Qc1 Nxf3+ 11. Nxf3 Bxb2 12. Qxb2 1/2-1/2

[Event "Guernsey Open"]
[Site "Guernsey GCI"]
[Date "2006.10.21"]
[Round "7"]
[White "Wismayer, Clive R"]
[Black "Bower, Daniel"]
[Result "0-1"]
[WhiteElo "2124"]
[BlackElo "2010"]
[PlyCount "94"]
[EventDate "2006.10.15"]

1. e4 d5 2. d3 dxe4 3. dxe4 Qxd1+ 4. Kxd1 Nc6 5. c3 Nf6 6. f3 Bd7 7. Be3 O-O-O
8. Kc2 Ne8 9. Nd2 e5 10. b4 Nd6 11. Ne2 a5 12. a3 b6 13. Nc1 Kb7 14. b5 Nb8 15.
Rb1 Be6 16. a4 Nd7 17. Ncb3 Kb8 18. Be2 Be7 19. Rhd1 f6 20. Rb2 Nb7 21. Bc4
Bxc4 22. Nxc4 Ndc5 23. Rxd8+ Rxd8 24. Bxc5 Nxc5 25. Nxc5 Bxc5 26. Rb1 Kb7 27.
Rf1 c6 28. f4 cxb5 29. axb5 exf4 30. Rxf4 Rd7 31. Rf5 Be7 32. g4 Kc7 33. Rh5 h6
34. Rf5 Bd6 35. h3 Bg3 36. Ne3 Rd6 37. Nd5+ Kd7 38. Rf1 Ke6 39. Kd3 Rxd5+ 40.
exd5+ Kxd5 41. Rf5+ Be5 42. h4 Kc5 43. c4 a4 44. Kc2 Kxc4 45. Rf3 Kxb5 46. Re3
Kc5 47. Rd3 Bd4 0-1

[Event "Guernsey Open"]
[Site "Guernsey GCI"]
[Date "2006.10.21"]
[Round "7"]
[White "Twitchell, David"]
[Black "Middleton, Tom"]
[Result "0-1"]
[WhiteElo "2013"]
[BlackElo "2100"]
[PlyCount "84"]
[EventDate "2006.10.15"]

1. e4 e5 2. Nf3 Nc6 3. Bc4 Nf6 4. Ng5 d5 5. exd5 Na5 6. Bb5+ c6 7. dxc6 bxc6 8.
Be2 h6 9. Nf3 e4 10. Ne5 Bd6 11. d4 Qc7 12. f4 exf3 13. Nxf3 O-O 14. O-O Re8
15. Nc3 Nd5 16. Bd3 Nxc3 17. bxc3 c5 18. Ba3 Bb7 19. Re1 cxd4 20. Bxd6 Qxd6 21.
Nxd4 Qd5 22. Qg4 Rad8 23. Nf5 Qc5+ 24. Kh1 Qxc3 25. Qg3 Qf6 26. Rf1 Qg5 27. Qf2
Kh8 28. Rab1 g6 29. Ng3 f5 30. Qc5 f4 31. Qc3+ Kg8 32. Rxb7 Nxb7 33. Ne4 Qe5
34. Qb3+ Kh8 35. Qxb7 Re7 36. Qc6 Re6 37. Qc4 Rd4 38. Qc8+ Re8 39. Qc6 Rxe4 40.
Bxe4 Qxe4 41. Qf6+ Kg8 42. Rxf4 Qxf4 0-1

[Event "Guernsey Open"]
[Site "Guernsey GCI"]
[Date "2006.10.21"]
[Round "7"]
[White "Pickersgill, Adrian"]
[Black "Goris Schouwstra, Adri"]
[Result "1/2-1/2"]
[WhiteElo "2093"]
[BlackElo "1879"]
[PlyCount "72"]
[EventDate "2006.10.15"]

1. e4 e6 2. d4 d5 3. Nd2 Nf6 4. e5 Nfd7 5. Bd3 c5 6. c3 Nc6 7. Ne2 g6 8. Nf3
Bg7 9. h4 h5 10. Bg5 Qb6 11. b3 cxd4 12. cxd4 Nb4 13. Bb1 Nf8 14. O-O Bd7 15.
a3 Nc6 16. Bd3 Nh7 17. Be3 O-O 18. Nf4 Ne7 19. a4 a6 20. Rc1 Rfc8 21. Rxc8+
Rxc8 22. Qb1 Nf8 23. Ne2 Nc6 24. Qd1 Nb4 25. Bb1 Qc7 26. Qd2 a5 27. Rc1 Qd8 28.
Rxc8 Qxc8 29. g3 b5 30. axb5 Bxb5 31. Nc3 Bd7 32. Kg2 Qe8 33. Bg5 Nh7 34. Bf4
Nf8 35. Bg5 Nh7 36. Bf4 Nf8 1/2-1/2

[Event "Guernsey Open"]
[Site "Guernsey GCI"]
[Date "2006.10.21"]
[Round "7"]
[White "Taylor, Philip"]
[Black "Dennis, Nigel W"]
[Result "1/2-1/2"]
[WhiteElo "2082"]
[BlackElo "2020"]
[PlyCount "57"]
[EventDate "2006.10.15"]

1. e4 c5 2. Nf3 e6 3. d4 cxd4 4. Nxd4 Nf6 5. Nc3 d6 6. Be2 a6 7. a4 Be7 8. O-O
Qc7 9. f4 O-O 10. Kh1 Nc6 11. Be3 Bd7 12. Nb3 Na5 13. e5 Ne8 14. Nxa5 Qxa5 15.
Ne4 Qc7 16. Bd4 d5 17. Ng5 f6 18. exf6 gxf6 19. Nxh7 Rf7 20. Bd3 Rxh7 21. Bxh7+
Kxh7 22. Qh5+ Kg8 23. Rf3 Ng7 24. Qg6 Be8 25. Qd3 Rc8 26. c3 Qc4 27. Qxc4 Rxc4
28. b3 Rc8 29. g4 1/2-1/2

[Event "Guernsey Open"]
[Site "Guernsey GCI"]
[Date "2006.10.21"]
[Round "7"]
[White "Morcom, Huw"]
[Black "Ozanne, Mark"]
[Result "0-1"]
[WhiteElo "1967"]
[BlackElo "2067"]
[PlyCount "82"]
[EventDate "2006.10.15"]

1. e4 e6 2. d3 c5 3. Nf3 Nc6 4. g3 g6 5. Bg2 Bg7 6. O-O Nge7 7. h4 O-O 8. Nbd2
d6 9. Re1 Rb8 10. Nf1 b5 11. N1h2 f5 12. h5 Ba6 13. Ng5 Bc8 14. hxg6 hxg6 15.
exf5 exf5 16. Ne6 Bxe6 17. Rxe6 Nd4 18. Re1 Qd7 19. c3 Ndc6 20. Qb3+ d5 21. Nf3
b4 22. Qc2 bxc3 23. bxc3 Nb4 24. Qd2 f4 25. d4 fxg3 26. fxg3 Nbc6 27. dxc5 Qg4
28. Qd3 Qxg3 29. Ba3 Rf5 30. Re6 Rbf8 31. Re3 Ne5 32. Nxe5 Qf2+ 33. Kh1 Bxe5
34. Rf1 Qh4+ 35. Rh3 Rxf1+ 36. Bxf1 Qf2 37. c6 Qxf1+ 38. Qxf1 Rxf1+ 39. Kg2 Rf7
40. Bxe7 Rxe7 41. Re3 Kf7 0-1

[Event "Guernsey Open"]
[Site "Guernsey GCI"]
[Date "2006.10.21"]
[Round "7"]
[White "Short, Stephen"]
[Black "Hickman, John"]
[Result "1-0"]
[WhiteElo "1835"]
[BlackElo "2058"]
[PlyCount "85"]
[EventDate "2006.10.15"]

1. e4 d6 2. d4 Nf6 3. Nc3 g6 4. f4 Bg7 5. Nf3 O-O 6. Bc4 Nxe4 7. Nxe4 d5 8.
Bxd5 Qxd5 9. Nc3 Qa5 10. O-O Nc6 11. Ne2 Bf5 12. c3 Rad8 13. Qb3 Qa6 14. Ng3
Bd3 15. Re1 e6 16. Be3 Rd5 17. Qd1 Bf5 18. Nxf5 Rxf5 19. Ne5 h5 20. h3 h4 21.
Qg4 Rh5 22. Bf2 Ne7 23. Bxh4 Nf5 24. Bf2 Nd6 25. Qf3 Rd8 26. a4 c6 27. b4 Nc4
28. b5 cxb5 29. axb5 Nxe5 30. dxe5 Qxb5 31. Rxa7 Rd3 32. Qxb7 Qxb7 33. Rxb7
Rxc3 34. Rd1 Bh6 35. g3 Rf5 36. Rd8+ Kh7 37. h4 Rc1+ 38. Kg2 Rc2 39. Kf3 g5 40.
Rbb8 gxh4 41. Rh8+ Kg6 42. Rbg8+ Bg7 43. Rxh4 1-0

[Event "Guernsey Open"]
[Site "Guernsey GCI"]
[Date "2006.10.21"]
[Round "7"]
[White "Tan, HB.."]
[Black "Warmerdam, Rob"]
[Result "1-0"]
[WhiteElo "2125"]
[BlackElo "1796"]
[PlyCount "63"]
[EventDate "2006.10.15"]

1. e4 d5 2. exd5 Nf6 3. c4 c6 4. d4 cxd5 5. Nc3 Nc6 6. Nf3 e6 7. c5 Be7 8. Bd3
O-O 9. a3 Re8 10. O-O Bf8 11. Re1 g6 12. Bb5 Bg7 13. h3 Bd7 14. Bf1 a6 15. Na4
Na5 16. Nb6 Ra7 17. b4 Nc6 18. Rb1 Ne4 19. Bf4 Nc3 20. Qd3 Nxb1 21. Qxb1 Ne7
22. Bd3 Bb5 23. Ne5 Bxd3 24. Qxd3 Nf5 25. g4 Ne7 26. Qe3 Nc6 27. Bh6 Bxh6 28.
Qxh6 Qf6 29. Nbd7 Qg7 30. Qf4 Re7 31. Nf6+ Kh8 32. Nxc6 1-0

[Event "Guernsey Open"]
[Site "Guernsey GCI"]
[Date "2006.10.21"]
[Round "7"]
[White "De Kruif, Kees"]
[Black "Ippel, Cok"]
[Result "1-0"]
[WhiteElo "2080"]
[BlackElo "2046"]
[PlyCount "125"]
[EventDate "2006.10.15"]

1. b4 e6 2. b5 d5 3. Bb2 Nf6 4. e3 Bd7 5. c4 c6 6. a4 Be7 7. Nf3 O-O 8. Qb3 c5
9. d3 b6 10. Be2 Bc8 11. Nbd2 Bb7 12. O-O Nbd7 13. Ne5 Nxe5 14. Bxe5 Bd6 15.
Bxd6 Qxd6 16. a5 dxc4 17. Nxc4 Qc7 18. Rfd1 Bd5 19. axb6 axb6 20. f3 Rxa1 21.
Rxa1 Bxc4 22. dxc4 e5 23. Ra6 Qd6 24. Qa2 g6 25. Kf2 g5 26. Qc2 e4 27. Qd1 Qxd1
28. Bxd1 Rb8 29. Bc2 exf3 30. Kxf3 h5 31. h3 Nd7 32. Ke4 Re8+ 33. Kd3 Re6 34.
Bd1 Rd6+ 35. Kc2 Nf6 36. Bf3 Nd7 37. Bc6 Ne5 38. Bd5 Kg7 39. Kc3 g4 40. Ra7 Rf6
41. Rb7 gxh3 42. gxh3 Kg6 43. Rb8 Kg5 44. Rb7 Kh4 45. Bc6 Rd6 46. Rxb6 Rd3+ 47.
Kc2 Rxe3 48. Bd5 Rxh3 49. Rf6 Kg5 50. Rf1 Rh4 51. Kb3 Rf4 52. Re1 Kf6 53. b6
Rg4 54. b7 Rg8 55. Ka4 Rf8 56. Kb5 Nd7 57. Kc6 Nb8+ 58. Kxc5 Kg7 59. Kb6 h4 60.
c5 h3 61. c6 Rh8 62. c7 Rh6+ 63. Kb5 1-0

[Event "Guernsey Open"]
[Site "Guernsey GCI"]
[Date "2006.10.21"]
[Round "7"]
[White "Van Hoek, Wim"]
[Black "Fassaert, Desire JM"]
[Result "0-1"]
[WhiteElo "1803"]
[BlackElo "2078"]
[PlyCount "96"]
[EventDate "2006.10.15"]

1. e4 c6 2. d4 d5 3. e5 Bf5 4. h4 h6 5. g4 Bd7 6. f4 e6 7. h5 c5 8. c3 Nc6 9.
Nf3 Qb6 10. Kf2 Rc8 11. dxc5 Bxc5+ 12. Kg3 Nge7 13. Bd3 Bf2+ 14. Kg2 Be3 15.
Qe2 Bxc1 16. Rxc1 Nb4 17. b3 Nxd3 18. Qxd3 Bb5 19. Qd2 a5 20. Na3 Nc6 21. Nxb5
Qxb5 22. Nd4 Nxd4 23. cxd4 Kd7 24. a3 b6 25. b4 a4 26. Ra2 Rc4 27. Rxc4 dxc4
28. Kf2 Qd5 29. Rc2 b5 30. Qe2 Kc6 31. Qf3 Rc8 32. Rc3 Rd8 33. Qxd5+ Kxd5 34.
Ke3 Rg8 35. f5 Rc8 36. Rc2 Rf8 37. Rc3 Re8 38. Rc2 f6 39. fxe6 Rxe6 40. Rf2
fxe5 41. Rf5 Kd6 42. Ke4 exd4+ 43. Kxd4 Kc6 44. Rc5+ Kb6 45. Kd5 Rf6 46. Rc8
Kb7 47. Rc5 g6 48. Rxb5+ Ka6 {0-1, Time.} 0-1

[Event "Guernsey Open"]
[Site "Guernsey GCI"]
[Date "2006.10.21"]
[Round "7"]
[White "O'Driscoll, Kieran"]
[Black "O'Shea, Kevin"]
[Result "1/2-1/2"]
[WhiteElo "2054"]
[BlackElo "1874"]
[PlyCount "23"]
[EventDate "2006.10.15"]

1. d4 Nf6 2. c4 g6 3. Nc3 d5 4. cxd5 Nxd5 5. e4 Nxc3 6. bxc3 Bg7 7. Bc4 c5 8.
Ne2 Nc6 9. Be3 O-O 10. O-O Bg4 11. f3 Na5 12. Bxf7+ 1/2-1/2

[Event "Guernsey Open"]
[Site "Guernsey GCI"]
[Date "2006.10.21"]
[Round "7"]
[White "O'Leary, Matt"]
[Black "Brookfield, Toby"]
[Result "0-1"]
[WhiteElo "2200"]
[BlackElo "1715"]
[PlyCount "88"]
[EventDate "2006.10.15"]

1. d4 f5 2. c4 e6 3. Nc3 Nf6 4. Bg5 Bb4 5. Nf3 O-O 6. g3 d6 7. Bg2 Qe8 8. O-O
Bxc3 9. bxc3 Ne4 10. Qb3 e5 11. c5+ Kh8 12. cxd6 cxd6 13. Bc1 Nc6 14. d5 Na5
15. Qb4 b6 16. Nd2 Nxd2 17. Bxd2 Rf6 18. Qh4 f4 19. Be4 Rh6 20. Qg5 Bh3 21. g4
Bxf1 22. Rxf1 Nc4 23. Bc1 Qd8 24. Qxd8+ Rxd8 25. Bd3 Rc8 26. e3 f3 27. Bf5 Rc5
28. g5 Rh4 29. h3 e4 30. Kh2 g6 31. Be6 h6 32. gxh6 Kh7 33. Rd1 Kxh6 34. Rd4
Kg5 35. Kg3 Rc7 36. Bg4 Ne5 37. Rxe4 Nxg4 38. Rxg4+ Rxg4+ 39. hxg4 Rxc3 40. Bb2
Rd3 41. Bd4 Rd2 42. a3 Rxd4 43. exd4 b5 44. Kxf3 a5 0-1

[Event "Guernsey Open"]
[Site "Guernsey GCI"]
[Date "2006.10.21"]
[Round "7"]
[White "Rowe, Peter"]
[Black "Reutimann, Hans Peter"]
[Result "1-0"]
[WhiteElo "2047"]
[BlackElo "1791"]
[PlyCount "46"]
[EventDate "2006.10.15"]

1. d4 d5 2. Nf3 Nf6 3. Bf4 e6 4. e3 c5 5. c3 b6 6. Nbd2 Be7 7. Ne5 O-O 8. Bd3
Bb7 9. Qf3 Nfd7 10. Qh3 f5 11. g4 Bh4 12. gxf5 Nxe5 13. Bxe5 Nc6 14. Bg3 Bg5
15. fxe6 g6 16. f4 Bf6 17. f5 g5 18. Qh5 Qe8 19. Qxe8 Rfxe8 20. h4 h6 21. hxg5
Bxg5 22. Ke2 Rf8 23. Rag1 Kh8 1-0

[Event "Guernsey Open"]
[Site "Guernsey GCI"]
[Date "2006.10.21"]
[Round "7"]
[White "Goman, Colin"]
[Black "Taylor, Bob"]
[Result "0-1"]
[WhiteElo "1889"]
[BlackElo "2013"]
[PlyCount "54"]
[EventDate "2006.10.15"]

1. c4 e5 2. e3 Nc6 3. d3 f5 4. b3 Nf6 5. Bb2 d6 6. Nc3 Be7 7. Qd2 Bd7 8. Nge2
a5 9. f4 O-O 10. a4 Qe8 11. O-O-O Nb4 12. g3 Ng4 13. Bg2 c6 14. Ng1 Rc8 15. h3
Nf6 16. fxe5 dxe5 17. e4 b5 18. Nf3 Bd6 19. exf5 bxa4 20. Ne4 Bc7 21. g4 axb3
22. Nc5 Qe7 23. Nxb3 a4 24. Ba3 Nxd3+ 25. Qxd3 Qxa3+ 26. Kd2 Qxb3 27. Ke2 e4
0-1

[Event "Guernsey Open"]
[Site "Guernsey GCI"]
[Date "2006.10.21"]
[Round "7"]
[White "Borland, Tom"]
[Black "Cross, Ian K"]
[Result "1-0"]
[WhiteElo "2018"]
[BlackElo "1890"]
[PlyCount "121"]
[EventDate "2006.10.15"]

1. d4 Nf6 2. Nf3 c5 3. d5 d6 4. Nc3 g6 5. e4 Bg7 6. Be2 a6 7. a4 O-O 8. O-O e6
9. Nd2 exd5 10. exd5 Nbd7 11. Nc4 Nb6 12. Bg5 Nxc4 13. Bxc4 Qb6 14. Qf3 Nd7 15.
Ne4 f5 16. Nd2 Qxb2 17. Rab1 Qc3 18. Rb3 Qxf3 19. Nxf3 Re8 20. Bf4 Ne5 21. Bxe5
Bxe5 22. Nxe5 Rxe5 23. Rb6 Bd7 24. Rxd6 Bxa4 25. Rb6 Bb5 26. Bxb5 axb5 27. Rxb5
Rxd5 28. c4 Re5 29. Rxb7 Ra4 30. g3 Rxc4 31. Ra1 Rce4 32. Ra8+ Re8 33. Raa7
R4e6 34. Rg7+ Kh8 35. Rxh7+ Kg8 36. Rhg7+ Kh8 37. Rgc7 f4 38. Rxc5 R8e7 39.
Rcc7 Rxc7 40. Rxc7 Re2 41. Kg2 Rb2 42. Kf3 Kg8 43. Kxf4 Rxf2+ 44. Kg5 Rxh2 45.
Kxg6 Kf8 46. Kf5 Rf2+ 47. Kg5 Rb2 48. g4 Rf2 49. Kg6 Rg2 50. g5 Rf2 51. Ra7 Rf1
52. Ra8+ Ke7 53. Kg7 Rf2 54. g6 Rf1 55. Ra2 Ke6 56. Re2+ Kf5 57. Re7 Kg5 58.
Re5+ Kf4 59. Ra5 Rb1 60. Kg8 Rb8+ 61. Kh7 1-0

[Event "Guernsey Open"]
[Site "Guernsey GCI"]
[Date "2006.10.21"]
[Round "7"]
[White "Heymuth, Marcel"]
[Black "Pollard, Matthew"]
[Result "1-0"]
[WhiteElo "1712"]
[BlackElo "1930"]
[PlyCount "49"]
[EventDate "2006.10.15"]

1. e4 g6 2. d4 Bg7 3. Nc3 c6 4. f4 d5 5. e5 h5 6. Bd3 Nh6 7. Nf3 Bg4 8. h3 Bxf3
9. Qxf3 e6 10. Bd2 Nd7 11. O-O-O b5 12. g4 b4 13. Ne2 Qa5 14. Kb1 c5 15. c4
bxc3 16. Bxc3 Qc7 17. f5 cxd4 18. fxe6 dxc3 19. exd7+ Qxd7 20. Nxc3 hxg4 21.
hxg4 Qxg4 22. Qxd5 O-O 23. Rdg1 Rad8 24. Rxg4 Rxd5 25. Nxd5 1-0

[Event "Guernsey Holiday"]
[Site "?"]
[Date "2007.10.21"]
[Round "1"]
[White "Gibson, John"]
[Black "Naldrett, Geoffrey W"]
[Result "1/2-1/2"]
[WhiteElo "1759"]
[BlackElo "1520"]
[PlyCount "133"]
[EventDate "2007.11.23"]

1. d4 Nf6 2. Nf3 g6 3. e3 c5 4. c3 cxd4 5. exd4 Bg7 6. Bd3 O-O 7. O-O b6 8. Re1
e6 9. Bg5 Qc7 10. Nbd2 d5 11. Qe2 Nc6 12. Nf1 Bb7 13. Ng3 a6 14. Qd2 b5 15. Bf4
Qd7 16. Ne5 Nxe5 17. Bxe5 Ne8 18. Bxg7 Nxg7 19. h4 Nf5 20. Nxf5 exf5 21. Re3
Rfe8 22. Rae1 Rxe3 23. Qxe3 Bc6 {(=)} 24. f4 Re8 {(=)} 25. Qxe8+ Qxe8 26. Rxe8+
Bxe8 27. b3 Kf8 28. Kf2 f6 29. Ke3 Bf7 30. a4 Be8 31. axb5 axb5 32. c4 bxc4 33.
bxc4 Bc6 34. c5 Ke7 35. Kd2 Kd7 36. Kc3 Kc7 37. Kb4 Kb7 38. Ka5 Bd7 39. Bb5 Bc6
40. Ba6+ Kc7 41. g3 Bd7 42. Bd3 Kb7 43. Bb5 Bc6 44. Kb4 Kc7 45. Be2 Bd7 46. h5
Kb7 47. hxg6 hxg6 48. Ka5 Bc6 49. g4 fxg4 50. Bxg4 g5 51. fxg5 fxg5 52. Kb4 Kc7
53. Kc3 Kd8 54. Kd2 Ke7 55. Ke3 Kf6 56. Kf3 Kg6 57. Kg3 Kf6 58. Bc8 Kg6 59. Kg4
Ba4 60. Bb7 Bd7+ 61. Kg3 Kf6 62. c6 Bf5 63. Kf3 g4+ 64. Ke3 g3 65. c7 g2 66.
Kf2 g1=Q+ 67. Kxg1 1/2-1/2

[Event "Guernsey Holiday"]
[Site "?"]
[Date "2007.10.21"]
[Round "1"]
[White "Collins, Alan"]
[Black "Versmissen, Jorie"]
[Result "1-0"]
[WhiteElo "1504"]
[BlackElo "1759"]
[PlyCount "81"]
[EventDate "2007.11.23"]

1. d4 d6 2. c4 Nf6 3. Nc3 Nbd7 4. e4 c6 5. f3 e5 6. Nge2 Be7 7. Be3 O-O 8. Ng3
Ne8 9. d5 Ndf6 10. Bd3 Nc7 11. O-O h5 12. Bg5 Nce8 13. Be3 g6 14. b4 h4 15. Nh1
Nh5 16. Qd2 Nf4 17. Bxf4 exf4 18. Rac1 h3 19. Nf2 hxg2 20. Kxg2 Bh4 21. Kh1 Qb6
22. Ncd1 g5 23. Rg1 Qd4 24. Qxf4 Ng7 25. Qd2 Qf6 26. Be2 Nh5 27. Ng4 Bxg4 28.
Rxg4 Kg7 29. Ne3 Rh8 30. Nf5+ Kf8 31. Nxh4 gxh4 32. Qc3 Qh6 33. Rxh4 Ke7 34.
Rg1 Qf8 35. Qe3 Kd7 36. Qg5 Qh6 37. Qxh6 Rxh6 38. f4 Rah8 39. Bxh5 Rxh5 40.
Rxh5 Rxh5 41. Rg7 1-0

[Event "Guernsey Holiday"]
[Site "?"]
[Date "2007.10.21"]
[Round "1"]
[White "Paardekam, Rene"]
[Black "Foster, Paul"]
[Result "1/2-1/2"]
[WhiteElo "1754"]
[BlackElo "1488"]
[PlyCount "95"]
[EventDate "2007.11.23"]

1. e4 c6 2. d4 d5 3. Nc3 dxe4 4. Nxe4 Nf6 5. Nxf6+ gxf6 6. c3 Bf5 7. Nf3 Nd7 8.
g3 Nb6 9. Bg2 Qd7 10. Qe2 e6 11. Nh4 Bg6 12. Bf4 Bd6 13. Bxd6 Qxd6 14. f4 O-O-O
15. O-O-O f5 16. Rhe1 Rhe8 17. Bf3 Kb8 18. Qc2 c5 19. Qb3 c4 20. Qb5 f6 21. Ng2
a6 22. Qa5 Nd5 23. Bxd5 exd5 24. Qa4 Re4 25. Re3 Rde8 26. Rde1 b5 27. Qc2 Kc7
28. Kd2 Bh5 29. Rxe4 fxe4 30. Ne3 Qd7 31. Kc1 Kc6 32. b3 Kd6 33. b4 Qa7 34. a4
Bg6 35. Qa2 Qb7 36. Kb2 Ra8 37. Ra1 Be8 38. a5 Qc8 39. Kc1 Bh5 40. Qf2 Qh3 41.
Qg2 Qd7 42. Ra2 Rg8 43. Rf2 Bg4 44. Qf1 Bh3 45. Qd1 Bg4 46. Qf1 h5 47. Qe1 Rh8
48. Ng2 1/2-1/2

[Event "Guernsey Holiday"]
[Site "?"]
[Date "2007.10.21"]
[Round "1"]
[White "Harnden, Terry W"]
[Black "Hoogakker, Peter"]
[Result "0-1"]
[WhiteElo "1485"]
[BlackElo "1746"]
[PlyCount "42"]
[EventDate "2007.11.23"]

1. e4 e5 2. Nf3 d6 3. h3 Nf6 4. d3 Be7 5. Be2 O-O 6. Nc3 c6 7. O-O Nbd7 8. Bd2
Re8 9. Qc1 Nf8 10. Re1 Ng6 11. Bg5 h6 12. Bxh6 gxh6 13. Qxh6 Nh7 14. Qd2 Nf4
15. Bf1 Kh8 16. Ne2 Bg5 17. Nxg5 Qxg5 18. Nxf4 exf4 19. g4 fxg3 20. Qxg5 Nxg5
21. fxg3 Nf3+ 0-1

[Event "Guernsey Holiday"]
[Site "?"]
[Date "2007.10.21"]
[Round "1"]
[White "Ruigrok, Jacques"]
[Black "Cox, John"]
[Result "1/2-1/2"]
[WhiteElo "1709"]
[BlackElo "1460"]
[PlyCount "52"]
[EventDate "2007.11.23"]

1. e4 e5 2. Nf3 d5 3. exd5 e4 4. Qe2 Nf6 5. Nc3 Bf5 6. d3 Bb4 7. Bd2 Bxc3 8.
Bxc3 O-O 9. dxe4 Nxe4 10. O-O-O Nxc3 11. bxc3 Re8 12. Qd2 Qd6 13. c4 Na6 14.
Qa5 Be4 15. Kb1 Bxf3 16. gxf3 Re5 17. Rg1 Rae8 18. Qc3 Qb6+ 19. Qb3 Re1 20. Bd3
Rxg1 21. Rxg1 Qxf2 22. Rf1 Re1+ 23. Rxe1 Qxe1+ 24. Kb2 Nc5 25. Qb5 Qe5+ 26. Kb1
Qe1+ 1/2-1/2